Principles of Macroeconomics (Record no. 93312)

MARC details
000 -LEADER
fixed length control field 00590nam a2200229Ia 4500
005 - DATE AND TIME OF LATEST TRANSACTION
control field 20230422114742.0
008 - FIXED-LENGTH DATA ELEMENTS--GENERAL INFORMATION
fixed length control field 230125s9999 xx 000 0 und d
020 ## - INTERNATIONAL STANDARD BOOK NUMBER
International Standard Book Number 978-81-315-1821-2
041 ## - LANGUAGE CODE
Language code of text/sound track or separate title eng
082 ## - DEWEY DECIMAL CLASSIFICATION NUMBER
Classification number 330
Item number MAN
100 ## - MAIN ENTRY--PERSONAL NAME
Author Mankiw N G
245 ## - TITLE STATEMENT
Title Principles of Macroeconomics
250 ## - EDITION STATEMENT
Edition statement 6th Ed.
260 ## - PUBLICATION, DISTRIBUTION, ETC.
Date of publication, distribution, etc. 2014
Name of publisher, distributor, etc. Cengage Learning
Place of publication, distribution, etc. New Delhi
300 ## - PHYSICAL DESCRIPTION
Extent 551p
500 ## - GENERAL NOTE
Keywords Economics;Macroeconomics<br/>
650 ## - SUBJECT ADDED ENTRY--TOPICAL TERM
Topical term or geographic name entry element Economics;Macroeconomics
700 ## - ADDED ENTRY--PERSONAL NAME
Personal name Mankiw N G
942 ## - ADDED ENTRY ELEMENTS (KOHA)
Koha item type Books
906 ## - LOCAL DATA ELEMENT F, LDF (RLIN)
b 138
Holdings
Withdrawn status Lost status Damaged status Not for loan Home library Current library Date acquired Vendor Net Price Bill number Total Checkouts Full call number Barcode Date last seen Actual Price Bill Date Koha item type Original Barcode
        Smt. Hiraben Nanavati Institute of Management & Research for Women Smt. Hiraben Nanavati Institute of Management & Research for Women 18/03/2015 Pritam Book Centre 550.00 9410   330 MAN B13343 HIMR-BK-13343 25/01/2023 412.00 11/03/2015 Books B13343